| Tag |
First Indicator |
Second Indicator |
Subfields |
| LEADER |
00000cam a22000001 4500 |
| 001 |
in00000089751 |
| 005 |
20151008065521.0 |
| 008 |
710326s1968 lauabch b 00000beng |
| 010 |
|
|
|a 68054600
|
| 035 |
|
|
|a (OCoLC)00451490
|
| 035 |
|
|
|9 AAK6094AM
|
| 037 |
|
|
|c 4.50
|
| 040 |
|
|
|a DLC
|c DLC
|d TXA
|d UtOrBLW
|
| 049 |
|
|
|a TXAM
|c 1 [635639], 2 [1502789]
|
| 050 |
0 |
0 |
|a HD9944.U45
|b S15
|
| 082 |
0 |
|
|a 380.1/43/9
|a B
|
| 100 |
1 |
|
|a Coleman, James Julian.
|
| 245 |
1 |
0 |
|a Gilbert Antoine de St. Maxent ;
|b the Spanish-Frenchman of New Orleans.
|
| 264 |
|
1 |
|a New Orleans :
|b Pelican Pub. House,
|c [1968]
|
| 300 |
|
|
|a 136 pages :
|b illustrations, facsimiles, maps, portraits ;
|c 24 cm.
|
| 336 |
|
|
|a text
|b txt
|2 rdacontent
|
| 337 |
|
|
|a unmediated
|b n
|2 rdamedia
|
| 338 |
|
|
|a volume
|b nc
|2 rdacarrier
|
| 504 |
|
|
|a Bibliography: pages 125-131.
|
| 600 |
1 |
0 |
|a St. Maxent, Gilberto Antonio de,
|d -1794.
|
| 999 |
|
|
|a MARS
|
| 999 |
f |
f |
|s 8e999949-a24b-3659-a255-af601f8c5065
|i ed4e7a7b-9646-3fde-9770-cf0c4621e520
|t 0
|
| 952 |
f |
f |
|p normal
|a Texas A&M University
|b College Station
|c Sterling C. Evans Library
|d Evans: Library Stacks
|t 0
|e HD9944.U45 S15
|h Library of Congress classification
|i unmediated -- volume
|m A14802742841
|
| 998 |
f |
f |
|a HD9944.U45 S15
|t 0
|l Evans: Library Stacks
|